Music Quiz

Random Music or Lyrics Quiz

'Rock and Roll Madonna' Lyrics Quiz Stats

 Plays Quiz not verified by Sporcle

Score 0/113 Timer 10:00
1 Play Today
% Correct
If
100%
anyone
100%
should
100%
you
100%
to
100%
going
100%
And
100%
Rock
100%
and
100%
Roll
100%
Madonna
100%
been
100%
a
100%
wants
100%
but
100%
no
100%
one
100%
ever
100%
if
100%
a
100%
get
100%
to
100%
know
100%
But
100%
And
100%
I
100%
going
100%
to
100%
be
100%
see
87.5%
me
87.5%
it
87.5%
down
87.5%
the
87.5%
highway
87.5%
Breaking
87.5%
all
87.5%
the
87.5%
% Correct
laws
87.5%
of
87.5%
the
87.5%
land
87.5%
Well,
87.5%
don't
87.5%
me
87.5%
her
87.5%
way
87.5%
that's
87.5%
the
87.5%
way
87.5%
she
87.5%
it
87.5%
Well
87.5%
that's
87.5%
my
87.5%
She's
87.5%
always
87.5%
lady
87.5%
of
87.5%
the
87.5%
road
87.5%
Well,
87.5%
everybody
87.5%
her,
87.5%
gets
87.5%
her
87.5%
Well,
87.5%
the
87.5%
is
87.5%
the
87.5%
only
87.5%
way
87.5%
she
87.5%
knows
87.5%
Well,
87.5%
she
87.5%
% Correct
only
87.5%
down
87.5%
her
87.5%
she
87.5%
she's
87.5%
that
87.5%
the
87.5%
of
87.5%
me
87.5%
try
75%
stop
75%
I'm
75%
I'm
75%
freeway
75%
would
75%
for
75%
short
75%
before
75%
got
75%
for
75%
it's
75%
making
62.5%
sure
62.5%
had
62.5%
planned
62.5%
slow
62.5%
time
62.5%
I'd
62.5%
just
62.5%
leaves
62.5%
some
62.5%
fascination
62.5%
two
62.5%
combination
62.5%
death
62.5%
wheel
50%
swear
50%

You're not logged in!

Compare scores with friends on all Sporcle quizzes.
OR
Log In

Show Comments

Extras

Created Aug 14, 2019ReportNominate
Tags:Lyrics Quiz, Elton John

Top Quizzes Today


Score Distribution

Your Account Isn't Verified!

In order to create a playlist on Sporcle, you need to verify the email address you used during registration. Go to your Sporcle Settings to finish the process.

Report this User

Report this user for behavior that violates our Community Guidelines.

Details: